Análisis algebraico e infinitesimal (Registro nro. 8146)

Detalles MARC
000 -LEADER
fixed length control field 00625 a2200205 4500
001 - CONTROL NUMBER
control field 63362
005 - DATE AND TIME OF LATEST TRANSACTION
control field 20260407155931.0
008 - FIXED-LENGTH DATA ELEMENTS--GENERAL INFORMATION
fixed length control field 260407a1957 arg spa d
003 - CONTROL NUMBER IDENTIFIER
control field AR-UNSa-BCEJYS
040 ## - CATALOGING SOURCE
Original cataloging agency AR-UNSa-BCEJYS
Language of cataloging spa
Transcribing agency AR-UNSa-BCEJYS
080 ## - UNIVERSAL DECIMAL CLASSIFICATION NUMBER
Universal Decimal Classification number 517.2/3
Common auxiliary subdivision Cálculo diferencial e integral
041 ## - LANGUAGE CODE
Language code of text/sound track or separate title spa
100 1# - MAIN ENTRY--PERSONAL NAME
Personal name Mataix Aracil, Carlos
245 10 - TITLE STATEMENT
Title Análisis algebraico e infinitesimal
264 #1 - PRODUCTION, PUBLICATION, DISTRIBUTION, MANUFACTURE, AND COPYRIGHT NOTICE
Place of production, publication, distribution, manufacture Madrid :
Name of producer, publisher, distributor, manufacturer Dossat
Date of production, publication, distribution, manufacture, or copyright notice 1957
300 ## - PHYSICAL DESCRIPTION
Extent 2 v. (583 ; 363 p.)
Dimensions 25 cm.
505 ## - FORMATTED CONTENTS NOTE
Formatted contents note Vol. I: Cálculo diferencial -- Vol. II: Cálculo integral
590 ## - LOCAL NOTE (RLIN)
Local note niveau_biblio:m niveau_hierar:0
942 ## - ADDED ENTRY ELEMENTS (KOHA)
Koha item type
Existencias
Withdrawn status Lost status Damaged status Not for loan Home library Current library Shelving location Date acquired Total checkouts Full call number Barcode Date last seen Price effective from Koha item type
        Biblioteca Prof. Eusebio Cleto del Rey Biblioteca Prof. Eusebio Cleto del Rey   07/04/2026   517.2/3 M425 v.1. 5ed. L20612 07/04/2026 07/04/2026 Libro
        Biblioteca Prof. Eusebio Cleto del Rey Biblioteca Prof. Eusebio Cleto del Rey   07/04/2026   517.2/3 M425 v.2. 3ed. L20610 07/04/2026 07/04/2026 Libro